000
00272nam a2200109Ia 4500
008
220204s9999 xx 000 0 und d
082
_a
025.85
_b
MEH
100
_a
Mehtha, S P
245
0
_a
Art and science of book preservatives
260
_a
Pune
_b
Swaraj
_c
1976
942
_c
BK
999
_c
36321
_d
36321